GLC/ILEA architecture 1976-1986 : an illustrated record of the work of the GLC/ILEA Department of Architecture and Civic Design in the decade 1976 to 1986 /

Bibliographic Details
Corporate Authors: Greater London Council. Department of Architecture and Civic Design, Inner London Education Authority
Other Authors: Klatt, Bebbe
Format: Book
Language:English
Published: London : Architectural Press, 1986.
Subjects:

MARC

Tag First Indicator Second Indicator Subfields
LEADER 00000cam a2200000 a 4500
001 in00000922521
005 20230720193634.9
008 861030s1986 enkabe 001 0 eng d
020 |a 0851398405 
035 |a (OCoLC)14579169 
035 |9 AEQ0071AM 
040 |a FLL  |c FLL  |d m/c  |d PIT  |d UtOrBLW 
043 |a e-uk-en 
049 |a TXAM 
050 4 |a NA970  |b .G53 1986 
245 0 0 |a GLC/ILEA architecture 1976-1986 :  |b an illustrated record of the work of the GLC/ILEA Department of Architecture and Civic Design in the decade 1976 to 1986 /  |c edited by Bebbe Klatt. 
264 1 |a London :  |b Architectural Press,  |c 1986. 
300 |a 96 pages :  |b illustrations (some color), map, plans ;  |c 24 cm. 
336 |a text  |b txt  |2 rdacontent 
337 |a unmediated  |b n  |2 rdamedia 
338 |a volume  |b nc  |2 rdacarrier 
500 |a Includes index. 
610 2 0 |a Greater London Council.  |b Department of Architecture and Civic Design. 
610 2 0 |a Inner London Education Authority. 
650 0 |a Architecture  |z England  |z London  |y 20th century. 
650 0 |a School buildings  |z England  |z London. 
650 0 |a Architecture, Domestic  |z England  |z London. 
700 1 |a Klatt, Bebbe. 
710 2 |a Greater London Council.  |b Department of Architecture and Civic Design. 
710 2 |a Inner London Education Authority. 
740 0 |a Greater London Council/Inner London Education Authority architecture 1976-1986. 
740 0 |a G.L.C./I.L.E.A. architecture 1976-1986. 
999 |a MARS 
999 f f |s 86ce23a3-f3cd-3fb5-830f-c8f597aa2f7f  |i 950ac1f1-9772-33c0-895c-87f7c37792ac  |t 0 
952 f f |p ric  |a Texas A&M University  |b Rellis Campus  |c Joint Library Facility  |d Remote Storage  |t 0  |e NA970 .G53 1986  |h Library of Congress classification  |i unmediated -- volume  |m A14814077846 
998 f f |a NA970 .G53 1986  |t 0  |l Remote Storage